000 00410nam a2200169Ia 4500
008 230711s9999||||xx |||||||||||||| ||und||
041 _aENG
082 _a720
_bMI-B
100 _aMichell,George
245 0 _aBanaras : the city revealed
250 _a1st Ed.
260 _c2005
_aMumbai
_bMarg Publications JJ Bhabha
300 _a152
650 _aArchitecture
700 _aRana P. B. Singh
942 _cBK
999 _c5049
_d5049